A Mercy / (Record no. 14861)
[ view plain ]
| 000 -LEADER | |
|---|---|
| fixed length control field | 01137cam a2200289 a 4500 |
| 001 - CONTROL NUMBER | |
| control field | 15857101 |
| 005 - DATE AND TIME OF LATEST TRANSACTION | |
| control field | 20090831113610.0 |
| 008 - FIXED-LENGTH DATA ELEMENTS--GENERAL INFORMATION | |
| fixed length control field | 090806r20092008nyu 000 1 eng |
| 010 ## - LIBRARY OF CONGRESS CONTROL NUMBER | |
| LC control number | 2009464561 |
| 020 ## - INTERNATIONAL STANDARD BOOK NUMBER | |
| International Standard Book Number | 0307276767 (pbk.) |
| 020 ## - INTERNATIONAL STANDARD BOOK NUMBER | |
| International Standard Book Number | 9780307276766 (pbk.) |
| 040 ## - CATALOGING SOURCE | |
| Original cataloging agency | DLC |
| Transcribing agency | DLC |
| 050 00 - LIBRARY OF CONGRESS CALL NUMBER | |
| Classification number | PS3563.O8749 |
| Item number | M47 2009 |
| 082 00 - DEWEY DECIMAL CLASSIFICATION NUMBER | |
| Classification number | 813.54 |
| Edition number | 22 |
| Item number | MOR |
| 100 1# - MAIN ENTRY--PERSONAL NAME | |
| Personal name | Morrison, Toni. |
| 9 (RLIN) | 21395 |
| 245 12 - TITLE STATEMENT | |
| Title | A Mercy / |
| Statement of responsibility, etc | Toni Morrison. |
| 250 ## - EDITION STATEMENT | |
| Edition statement | 1st Vintage International ed. |
| 260 ## - PUBLICATION, DISTRIBUTION, ETC. (IMPRINT) | |
| Place of publication, distribution, etc | New York : |
| Name of publisher, distributor, etc | Vintage International, 2008 |
| Date of publication, distribution, etc | 2008 |
| 300 ## - PHYSICAL DESCRIPTION | |
| Extent | 195 p. ; |
| Dimensions | 21 cm. |
| 586 ## - AWARDS NOTE | |
| Awards note | A New York Times Book Review, Best Book of the Year |
| 650 #0 - SUBJECT ADDED ENTRY--TOPICAL TERM | |
| Topical term or geographic name as entry element | African American girls |
| Form subdivision | Fiction. |
| 9 (RLIN) | 21396 |
| 650 #0 - SUBJECT ADDED ENTRY--TOPICAL TERM | |
| Topical term or geographic name as entry element | Interracial adoption |
| Form subdivision | Fiction. |
| 9 (RLIN) | 21397 |
| 650 #0 - SUBJECT ADDED ENTRY--TOPICAL TERM | |
| Topical term or geographic name as entry element | Racism |
| Form subdivision | Fiction. |
| 9 (RLIN) | 21398 |
| 942 ## - ADDED ENTRY ELEMENTS (KOHA) | |
| Source of classification or shelving scheme | Dewey Decimal Classification |
| Item type | Book - Borrowing |
| Withdrawn status | Item status | Source of classification or shelving scheme | Damaged status | Not for loan | Vendor | Home library | Current library | Shelving location | Date acquired | Source of acquisition | Cost, normal purchase price | Serial Enumeration / chronology | Total Checkouts | Total Renewals | Full call number | Barcode | Checked out | Date last seen | Date last borrowed | Koha item type |
|---|---|---|---|---|---|---|---|---|---|---|---|---|---|---|---|---|---|---|---|---|
| Dewey Decimal Classification | Baccah | Central Library | Central Library | Second Floor | 01/12/2010 | 130.00 | 10671 | 2 | 2 | 813.54 MOR | 000022678 | 14/02/2011 | 24/01/2011 | 24/01/2011 | Book - Borrowing |